000 01883nam a2200385 c 4500
001 20156
003 ES-MaCES
005 20180205141720.0
008 070531s2007 lu d t m100 | eng d
020 _a9789289709835
035 _aCES20070006747m
040 _aES-MaCES
_bspa
_cES-MaCES
100 1 _aVandenbrande, Tom
_925499
245 1 0 _aFostering mobility through competence development
_c[author, Tom Vandenbrande]; [collect the] conference summary the EMCC Company Network Seminar [on the subject of] "the role of competence and qualification development in fostering workforce mobility", organised jointly by the European Foundation for the Improvement of Living and Working Conditions and the European Centre for the Development of Vocational Training, Thessaloniki, 9-10 November 2006
260 _aLuxembourg
_bOffice for Official Publications of the European Communities
_c2007
300 _a41 p.
_bgráf. col.
_c24 cm
500 _aEl desarrollo del acrónimo EMCC es "European Monitoring Centre on Change"
504 _aBibliografía: p. 39-40
541 _cGratuito
650 4 _amovilidad de la mano de obra
_928354
650 4 _acambio de profesión
_929054
650 4 _adesplazamiento
_928358
650 4 _acalificación profesional
_928319
650 4 _aconferencia
_927013
653 1 0 _aEmpleo
650 4 _927897
_acompetencia
650 4 _929020
_apaís de la UE
650 4 _926752
_aUE
710 2 _93819
_aFundación Europea para la Mejora de las Condiciones de Vida y de Trabajo
710 2 _91909
_aCentro Europeo para el Desarrollo de la Formación Profesional
711 2 _aEMCC Company Network Seminar "The Role of Competence and Qualification Development in Fostering Workforce Mobility"
_d2006
_cThessaloniki
_91011
902 _aDOC Literatura gris
942 _2CES
_cBK
_h2.1.
999 _c20156
_d20156